| 000 | 00826nam a2200205 i 4500 | ||
|---|---|---|---|
| 001 | 182368 | ||
| 003 | ES-MaACL | ||
| 005 | 20250822063235.0 | ||
| 008 | 130806s1908 gw |||| | spa d | ||
| 080 | _a087.5:83-321.6"18" | ||
| 100 | 1 |
_aSpillmann, Joseph, _d1842-1905 _9153186 |
|
| 245 | 1 | 0 |
_aBienaventurados los misericordiosos _b: episodio de la insurección de los negros en Haití / _cpor José Spillmann. |
| 250 | _a2ª ed. | ||
| 260 |
_aFriburgo de Brisgovia : _bB. Herder, _c1908. |
||
| 300 |
_a114 p. : _bil. ; _c17 cm. |
||
| 490 | 1 |
_aDesde lejanas tierras ; _v14 |
|
| 830 | 0 |
_aDesde lejanas tierras ; _v14 _9191750 |
|
| 852 |
_aES-MaACL _j2320-F-1 _z.- Encuadernación editorial _z.- Ejemplar deteriorado _z.- Donat. herederos de la bibl. de Mª del Pilar Costa Palacín |
||
| 999 |
_c182368 _d182368 |
||